MARC

LEADER 00000nam0a2200000 4500
001 119948
005 20231031124816.0
035 |a (RuTPU)RU\TPU\book\129868 
090 |a 119948 
100 |a 20070814d1978 m y0rusy50 ca 
101 0 |a rus 
102 |a RU 
105 |a a j 001zy 
200 1 |a Экспериментальные методы определения напряжений и деформаций  |e учебное пособие  |f К. Н. Цукублина  |g Томский политехнический институт (ТПИ) 
210 |a Томск  |c Изд-во ТПИ  |d 1978 
215 |a 95 с.  |c ил. 
320 |a Библиогр.: с. 91-93. 
610 1 |a деформации 
610 1 |a напряжения 
610 1 |a методы определения 
610 1 |a исследования 
610 1 |a муаровые полосы 
610 1 |a тензометрия 
610 1 |a твердость 
610 1 |a учебные пособия 
675 |a 539.319(075.4)  |v 3 
675 |a 539.37(075.4)  |v 3 
700 1 |a Цукублина  |b К. Н.  |c физик  |c доцент Томского политехнического университета, кандидат технических наук  |f 1939-  |g Капитолина Николаевна  |2 stltpush  |3 (RuTPU)RU\TPU\pers\29058 
712 0 2 |a Томский политехнический институт (ТПИ)  |c (1944-1991)  |2 stltpush  |3 (RuTPU)RU\TPU\col\1123 
801 1 |a RU  |b 63413507  |c 20070814  |g PSBO 
801 2 |a RU  |b 63413507  |c 20180921  |g PSBO 
942 |c BK